The emergence of civilization : from hunting and gathering to agriculture, cities, and the state in the Near East
Αποθηκεύτηκε σε:
| Κύριος συγγραφέας: | |
|---|---|
| Μορφή: | Βιβλίο |
| Γλώσσα: | English |
| Δημοσίευση: |
London :
Routledge,
1993
|
| Θέματα: | |
| Ετικέτες: |
Προσθήκη ετικέτας
Δεν υπάρχουν, Καταχωρήστε ετικέτα πρώτοι!
|
MARC
| LEADER | 00000nam a2200000 i 4500 | ||
|---|---|---|---|
| 001 | 1/68362 | ||
| 008 | 990201s1993 eng d | ||
| 020 | |a 0-415-09659-6 | ||
| 035 | |l 10047637 | ||
| 040 | |a GR-MY-UA |b gre |e aacr | ||
| 041 | 0 | |a eng | |
| 082 | 0 | |a 939.4 | |
| 100 | 1 | |a Maisels, Charles Keith. | |
| 245 | 1 | 4 | |a The emergence of civilization : |b from hunting and gathering to agriculture, cities, and the state in the Near East / |c Charles Keith Maisels |
| 260 | |a London : |b Routledge, |c 1993 | ||
| 300 | |a 395 p. | ||
| 651 | 0 | |a Middle East |x Civilization |y To 622. | |
| 852 | |a INST |b RHODES |e 19990201 |h 939.4 MAI |p 005400005503 |q 005400005503 |t BK |y 0 | ||
| 901 | |a BIBL-1999-1 | ||
| 909 | |a Ρ |b 060278 |c 1998 | ||
| 922 | |a 4ΕΛΗ |b 199810 |c ΚΠΣ/ΜΣ |d ΠΑΠΑΣΩΤΗΡΙΟΥ | ||